00245nam a2200097Ia 4500008004100000100001900041245002800060260003700088300000900125650001300134190216s9999||||xx |||||||||||||| ||und|| aGeorge R Terry 0aPrinciples Of Managment bNew Central Book Agenciesc1972 a647p aCommerce